Social ease work in India (Record no. 30822)

MARC details
000 -LEADER
fixed length control field 00260nam a2200109Ia 4500
082 ## - DEWEY DECIMAL CLASSIFICATION NUMBER
Classification number 036
Item number MEH
100 ## - MAIN ENTRY--AUTHOR NAME
Personal name MEHETRAS, V G
245 #0 - TITLE STATEMENT
Title Social ease work in India
260 ## - PUBLICATION, DISTRIBUTION, ETC. (IMPRINT)
Place of publication Ajmer
Name of publisher Sachin
Year of publication 1979
942 ## - ADDED ENTRY ELEMENTS (KOHA)
Koha item type Books
Holdings
Withdrawn status Lost status Damaged status Not for loan Home library Current library Date acquired Full call number Accession Number Koha item type
        RRII Library RRII Library 16/12/2021 036 MEH 11381 Books